000
00315nam a22001337a 4500
008
170714b xxu||||| |||| 00| 0 eng d
020
_a
639785318347
041
_a
eng
080
_2
3RD
_a
038
100
_a
26
101
_a
FJA
245
_a
DICTIONARY OF ARCHITECTURE & CONSTRUCTION
_c
HARRIS,C.M
942
_2
udc
_c
BK
999
_c
20971
_d
20971